| 000 | 00478nam a22001817a 4500 | ||
|---|---|---|---|
| 003 | NUST - PNEC | ||
| 005 | 20170116181031.0 | ||
| 008 | 150919b xxu||||| |||| 00| 0 eng d | ||
| 020 | _a0070990662 | ||
| 040 | _cLIBRARY | ||
| 082 | _a621.4022 PIT | ||
| 100 |
_911107 _aPitts, Donald R |
||
| 245 |
_aSchaum's outline of theory and problems of heat transfer _cDonald R Pitts |
||
| 250 | _a- | ||
| 260 | _cc1983. | ||
| 650 |
_911110 _aHeat--Transmission _xME |
||
| 942 |
_2ddc _cBK |
||
| 999 |
_c67754 _d67754 |
||